000 00487nam a2200181Ia 4500
008 180921t1987 xxu||||| |||| 00| 0 sin d
041 _asin
080 _a657.4(1)
_b
100 _aDayananda, Alfred
245 _aනව උසස් ගණකාධිකරණය
246 _aNava usas ganakaadhikaranaya
260 _bLassan
_aWellampitiya
_c1987
300 _a159p., 22 cm
650 _aAccounting
942 _cBK
999 _c15474
_d15474
003 LK-CoDNM
040 _aLK-CoDNM
_dLK-CoDNM
_eLK-CoDNM